000 00343nam a2200145Ia 4500
005 20251222144901.0
008 251222s9999||||xx |||||||||||||| ||spa||
020 _a0-8120-9407-7
082 _a425.04/S47
100 _aJharpe, Pamela J.
245 0 _aTlow to Prepare for the Toefl:
250 _a8a.ed.
264 _bBarron's
942 _cLIB
999 _c21993
_d21993